Statistics for Fads of the 1970s

Click here to take the quiz!

General Stats

  • This quiz has been taken 19,539 times
    (19,508 since last reset)
  • The average score is 13 of 20

Answer Stats

ClueFad% Correct
Style of 1970s dance musicDisco
96%
Running naked in public placesStreaking
87%
Pot of melted cheese or chocolateFondue
84%
Its color matches the emotions of
the person who wears it
{Mood} ring
77%
Pets that don't do.... anything at all!Pet rocks
77%
Candy that explodes in your mouthPop rocks
70%
"String" in a spray canSilly String
69%
Pets that are watered. And they grow!Chia pets
66%
Radio for truckers & other good buddiesCB radio
66%
Get seasick in your sleep on this!Waterbed
65%
The first video game to attain
mainstream popularity
Pong
65%
Predecessor of the cassette player8-tracks
61%
Flashing light with adjustable frequencyStrobe lights
61%
VERY long-napped floor coveringShag carpeting
60%
Synthetic clothing materialPolyester
60%
Campy midnight movie with
audience participation
Rocky Horror
Picture Show
51%
Suit with no tie to wear during
your free time
Leisure suit
45%
Seating that molds to your bodyBean bag chairs
43%
Do this line dance from a
Van McCoy song
The {Hustle}
31%
Phrase that accompanied a smiley faceHave a nice day
28%

Score Distribution

Percentile by Number Answered

Percent of People with Each Score

Your Score History

You have not taken this quiz since the last reset